000 00333nam a2200133Ia 4500
008 240624s9999 xx 000 0 und d
041 _aeng
082 _a519.5 DAS
100 _aDAS N G
245 _aSTATISTICAL METHODS VOLUME II
260 _c2015
_aNew Delhi
_bTata McGraw-Hill
300 _a459 : p. : cm. ; 24
365 _cRS
_b33
999 _c25832
_d25832